• 首页
  • 本馆介绍
  • 公告通知
  • 最新文献
  • 馆藏检索
  • 电子资源
  • 读者导购
  • 参考咨询
  • 我的图书馆
  • 登录
  • 详细信息显示
  • 放入我的书架
  • 预约/预借图书
  • 作者相关作品
  • 分类相关作品
  • 丛书相关作品
  • 出版社相关作品

书目信息

  • 表格格式
  • 工作单格式
  • 卡片格式
题名:
有机及生物化学
    
 
作者: 刘修堂 主编
分册:  
出版信息: 北京   中国林业出版社  2009.03
页数: 317页
开本: 23cm
丛书名:
单 册:
中图分类: O62 , Q5
科图分类:
主题词: 有机化学--高等教育--教材 , 生物化学--高等教育--教材 , 有机化学 , 生物化学
电子资源:
ISBN: 978-7-5038-5421-7
000 00934nam0 2200289 450
001 5719
005 20181022084304.48
010    @a978-7-5038-5421-7@dCNY29.50
100    @a20090416d2009 em y0chiy50 ea
101 0  @achi
102    @aCN@b110000
105    @ay z 000yy
200 1  @a有机及生物化学@9you ji ji sheng wu hua xue@f刘修堂主编
205    @a3版
210    @a北京@c中国林业出版社@d2009.03
215    @a317页@d23cm
300    @a普通高等教育“十一五”国家级规划教材 农林类高等职业院校基础课系列教材
330    @a本书重点介绍了有机化学的基础知识、基本理论,阐明了各类有机化合物的结构与性质,并收录针对性强的思考题和习题,以及答案。
606 0  @a有机化学@x高等教育@j教材
606 0  @a生物化学@x高等教育@j教材
606 0  @a有机化学
606 0  @a生物化学
690    @aO62@v4
690    @aQ5@v4
701  0 @a刘修堂@9liu xiu tang@c(化学)@4主编
801  0 @aCN@b91MARC@c20130904
905    @aMuseLib@dO62@e239=3
    
    有机及生物化学/刘修堂主编.-3版.-北京:中国林业出版社,2009.03
    317页;23cm
    普通高等教育“十一五”国家级规划教材 农林类高等职业院校基础课系列教材
    
    ISBN 978-7-5038-5421-7:CNY29.50
    本书重点介绍了有机化学的基础知识、基本理论,阐明了各类有机化合物的结构与性质,并收录针对性强的思考题和习题,以及答案。
●
相关链接 在E读中查询图书 在五车中查询图书 在当当中查询图书 在豆瓣中查询图书


正题名:有机及生物化学     索取号:O62/239=3         预约/预借

序号 登录号 条形码 馆藏地/架位号 状态 备注
1 1130964   211309644   第二样本阅览室/ [索取号:O62/239=3] 在馆    
2 1130965   211309653   第三借阅区/ [索取号:O62/239=3] 在馆    
3 1130966   211309662   第三借阅区/ [索取号:O62/239=3] 在馆    
4 1130967   211309671   第三借阅区/ [索取号:O62/239=3] 在馆    
5 1130968   211309680   密集书库-生命科学系/ [索取号:O62/239=3] 在馆    
唐山师范学院图书馆 欢迎您!
大连网信软件有限公司© 版权所有